Métodos de investigación educativa: guía práctica

Con este trabajo se pretende ofrecer una panorámica general de los diversos enfoques y metodologías. La exposición es sencilla y de síntesis, con objeto de introducir al estudiante en estos conceptos. La intención es aportar una guía práctica para el estudio de los Métodos de Investigación en Educac...

Full description

Bibliographic Details
Main Author: Bisquerra Alzina, Rafael
Format: Libro
Language:English
Published: Barcelona, España: CEAC, 2000.
Series:Universitaria
Subjects:
Online Access:

MARC

LEADER 00000cam a2200000 a 4500
001 014751
003 UAHC_CL
005 20210806104011.0
008 020620b xx j 000 1 eng
020 |a 8432992283 
040 |a UAHC_CL  |c UAHC_CL  |d UAHC_CL 
100 |a Bisquerra Alzina, Rafael  |9 8960 
245 1 0 |a Métodos de investigación educativa: guía práctica  |c Rafael Bisquerra Alzina. 
260 |a Barcelona, España:  |b CEAC,  |c 2000. 
300 |a 382 p. 
490 0 |a Universitaria 
520 |a Con este trabajo se pretende ofrecer una panorámica general de los diversos enfoques y metodologías. La exposición es sencilla y de síntesis, con objeto de introducir al estudiante en estos conceptos. La intención es aportar una guía práctica para el estudio de los Métodos de Investigación en Educación. 
521 |a Metodología de la Investigación Educacional 
521 |a Seminario de Grado I 
650 0 |a Investigación educativa   |9 13273  |x Metodología 
942 |c BK  |2 ddc 
952 |0 0  |1 0  |4 0  |6 370_780000000000000_BIS  |7 0  |8 General  |9 29523  |a BR  |b BR  |c General  |d 2017-08-03  |l 2  |o 370.78 BIS  |p 1325686  |r 2026-01-14 00:00:00  |s 2018-09-25  |t 1  |w 2017-08-03  |y BK  |z También lo encuentras en bibliografias.academia.cl 
952 |0 0  |1 0  |4 0  |6 370_780000000000000_BIS  |7 0  |8 General  |9 29524  |a BC  |b BC  |c General  |d 2017-08-03  |l 2  |o 370.78 BIS  |p 1325687  |r 2026-01-13 00:00:00  |s 2018-08-08  |t 2  |w 2017-08-03  |y BK  |z También lo encuentras en bibliografias.academia.cl 
952 |0 0  |1 0  |4 0  |6 370_780000000000000_BIS  |7 0  |8 General  |9 29525  |a BC  |b BC  |c General  |d 2017-08-03  |l 10  |m 5  |o 370.78 BIS  |p 1353112  |r 2026-01-13 00:00:00  |s 2019-05-25  |t 3  |w 2017-08-03  |y BK  |z También lo encuentras en bibliografias.academia.cl 
952 |0 0  |1 0  |4 0  |6 370_780000000000000_BIS  |7 0  |8 General  |9 29526  |a BC  |b BC  |c General  |d 2017-08-03  |l 6  |m 2  |o 370.78 BIS  |p 1353113  |r 2026-01-13 00:00:00  |s 2024-03-18  |t 4  |w 2017-08-03  |y BK  |z También lo encuentras en bibliografias.academia.cl 
999 |c 14751  |d 14751